|
|
|
|
| LEADER |
01064nam a2200241 a 4500 |
| 001 |
3978330 |
| 008 |
091223s1996 caua b 001 0 eng d |
| 010 |
|
|
|a \\\95013200
|
| 020 |
|
|
|a 0803990405 (paper : alk. paper)
|
| 040 |
|
|
|a DLC
|c DLC
|d DLC
|d BD-DhAAL
|
| 082 |
0 |
0 |
|a 303.4/0973
|2 20
|
| 100 |
1 |
|
|a Rubin, Beth A.,
|d 1955-
|
| 245 |
1 |
0 |
|a Shifts in the social contract :
|b understanding change in American society /
|c Beth A. Rubin.
|
| 260 |
|
|
|a Thousand Oaks, Calif. :
|b Pine Forge Press,
|c c1996.
|
| 300 |
|
|
|a xiv, 208 p. :
|b ill. ;
|c 23 cm.
|
| 504 |
|
|
|a Includes bibliographical references (p. [189]-198) and index.
|
| 541 |
1 |
|
|e 00009669
|
| 650 |
|
0 |
|a Social change
|z United States.
|
| 651 |
|
0 |
|a United States
|x Social conditions
|y 1980-
|
| 651 |
|
0 |
|a United States
|x Economic conditions
|y 1981-2001.
|
| 852 |
4 |
|
|a Ayesha Abed Library
|j General shelf
|
| 999 |
|
|
|c 6402
|d 6402
|
| 952 |
|
|
|0 0
|1 0
|2 ddc
|4 0
|6 303_409730000000000_RUB_1996
|7 0
|9 6463
|a BRACUL
|b BRACUL
|c GEN
|d 2009-12-24
|g 0.00
|l 0
|o 303.40973 RUB
|p 3010009669
|r 2009-12-24
|t 1
|w 2009-12-24
|y BK
|x No price found in the accession register.
|